000 00477nam a2200181Ia 4500
008 151202s9999||||xx |||||||||||||| ||und||
082 _bPNVM-48594
100 _aBHANOT T. R.
245 _aWORLD -FAME FOLK TALES OF INDIA.
260 _b"ARORA BOOK COMPANY, DELHI."
260 _c0
300 _a109
600 _aBHANOT T. R.
630 _aWORLD -FAME FOLK TALES OF INDIA.
700 _aBHANOT T. R.
730 _aWORLD -FAME FOLK TALES OF INDIA.
942 _cBOOK
999 _c1314540
_d1314537